Every Song by the Doors - Statistics

General Stats
  • This quiz has been taken 18 times
  • The average score is 24 of 118
Answer Stats
Album Song % Correct
L.A. Woman(1971) L.A. Woman
88%
Strange Days(1967) People are Strange
88%
Strange Days(1967) Strange Days
88%
The Doors(1967) The End
88%
The Doors(1967) Break On Through (To the Other Side)
81%
The Doors(1967) Light My Fire
75%
L.A. Woman(1971) Riders on the Storm
75%
Waiting for the Sun(1968) Hello, I Love You
69%
Morrison Hotel(1970) Roadhouse Blues
69%
The Doors(1967) The Crystal Ship
69%
The Soft Parade(1969) Touch Me
69%
Morrison Hotel(1970) Waiting for the Sun
69%
Strange Days(1967) Love Me Two Times
63%
Morrison Hotel(1970) Peace Frog
63%
The Doors(1967) Soul Kitchen
63%
Strange Days(1967) When the Music's Over
63%
The Soft Parade(1969) The Soft Parade
50%
Waiting for the Sun(1968) Five to One
44%
L.A. Woman(1971) Love Her Madly
44%
Waiting for the Sun(1968) Spanish Caravan
44%
The Doors(1967) End of the Night
38%
Waiting for the Sun(1968) The Unknown Soldier
38%
The Doors(1967) Twentieth Century Fox
38%
Waiting for the Sun(1968) Love Street
31%
Strange Days(1967) Moonlight Drive
31%
Morrison Hotel(1970) Ship of Fools
31%
An American Prayer(1978) Ghost Song
25%
Strange Days(1967) I Can't See Your Face in My Mind
25%
L.A. Woman(1971) L'America
25%
Waiting for the Sun(1968) Summer's Almost Gone
25%
The Doors(1967) Take It as It Comes
25%
The Soft Parade(1969) Tell All the People
25%
The Soft Parade(1969) Wild Child
25%
Strange Days(1967) You're Lost Little Girl
25%
Waiting for the Sun(Bonus)(1968) A Little Game
19%
L.A. Woman(1971) Been Down So Long
19%
Morrison Hotel(1970) Blue Sunday
19%
L.A. Woman(1971) Cars Hiss by My Window
19%
Strange Days(1967) Horse Latitudes
19%
The Doors(1967) I Looked at You
19%
Morrison Hotel(1970) | The Doors(Bonus)(1967) Indian Summer
19%
Other Voices(1971) In the Eye of the Sun
19%
Strange Days(1967) My Eyes Have Seen You
19%
Waiting for the Sun(1968) My Wild Love
19%
Waiting for the Sun(1968) Not to Touch the Earth
19%
L.A. Woman(1971) The Changeling
19%
Morrison Hotel(1970) The Spy
19%
L.A. Woman(1971) The WASP (Texas Radio and the Big Beat)
19%
Strange Days(1967) Unhappy Girl
19%
Waiting for the Sun(1968) Wintertime Love
19%
The Soft Parade(1969) Do It
13%
Other Voices(1971) Down on the Farm
13%
The Soft Parade(1969) Easy Ride
13%
L.A. Woman(1971) Hyacinth House
13%
Other Voices(1971) I'm Horny, I'm Stoned
13%
Morrison Hotel(1970) Land Ho!
13%
Morrison Hotel(1970) Maggie M'Gill
13%
The Soft Parade(1969) Runnin' Blue
13%
The Soft Parade(1969) Shaman's Blues
13%
Other Voices(1971) Ships w/ Sails
13%
Other Voices(1971) Tightrope Ride
13%
Other Voices(1971) Wandering Musician
13%
The Soft Parade(1969) Wishful Sinful
13%
Waiting for the Sun(1968) Yes, the River Knows
13%
Morrison Hotel(1970) You Make Me Real
13%
An American Prayer(1978) American Night
6%
An American Prayer(1978) Angels and Sailors
6%
An American Prayer(1978) Black Polished Chrome
6%
Absolutely Live(1970) Break On Thru, #2
6%
An American Prayer(1978) Dawn's Highway
6%
Other Voices(1971) Hang On to Your Life
6%
Full Circle(1972) Hardwood Floor
6%
An American Prayer(1978) Lament
6%
An American Prayer(1978) Latino Chrome
6%
Waiting for the Sun(Bonus)(1968) Lions in the Street
6%
Waiting for the Sun(Bonus)(1968) Names of the Kingdom
6%
An American Prayer(1978) Newborn Awakening
6%
Morrison Hotel(1970) Queen of the Highway
6%
L.A. Woman(Bonus)(1971) She Smells So Nice
6%
An American Prayer(1978) Stoned Immaculate
6%
Waiting for the Sun(Bonus)(1968) The Hill Dwellers
6%
Full Circle(1972) The Mosquito
6%
An American Prayer(1978) The Movie
6%
Waiting for the Sun(Bonus)(1968) The Palace of Exile
6%
Full Circle(1972) The Peking King and the New York Queen
6%
Full Circle(1972) The Piano Bird
6%
Full Circle(Bonus)(1972) Treetrunk
6%
Absolutely Live(1970) Universal Mind
6%
Full Circle(1972) Verdilac
6%
Waiting for the Sun(Bonus)(1968) Wake Up!
6%
Waiting for the Sun(1968) We Could Be So Good Together
6%
Full Circle(1972) 4 Billion Souls
0%
An American Prayer(Bonus)(1978) Babylon Fading
0%
An American Prayer(Bonus)(1978) Bird of Prey
0%
Absolutely Live(1970) Build Me a Woman
0%
The Soft Parade(Bonus)(1969) Chaos
0%
An American Prayer(1978) Curses, Invocations
0%
In Concert(1991) Dead Cats, Dead Rats
0%
Full Circle(1972) Get Up and Dance
0%
Essential Rarities(2000) Hello to the Cities
0%
Live at the Hollywood Bowl(1987) Hey, What Would You Guys Like to Hear?
0%
In Concert(1991) House Announcer
0%
The Soft Parade(Bonus)(1969) I Am Trouble
0%
The Soft Parade(Bonus)(1969) I'm Your Doctor
0%
Full Circle(1972) It Slipped My Mind
0%
Morrison Hotel(Bonus)(1970) I Will Never Be Untrue
0%
Absolutely Live(1970) Love Hides
0%
Morrison Hotel(Bonus)(1970) Money Beats Soul
0%
L.A. Woman(Bonus)(1971) Orange County Suite
0%
The Soft Parade(Bonus)(1969) Rock is Dead
0%
The Soft Parade(Bonus)(1969) Seminary School (a.k.a. Petition the Lord With Prayer)
0%
Essential Rarities(2000) Someday Soon
0%
Morrison Hotel(Bonus)(1970) Talking Blues
0%
An American Prayer(1978) The Hitchhiker
0%
Other Voices(1971) Variety is the Spice of Life
0%
The Soft Parade(Bonus)(1969) Who Scared You
0%
Essential Rarities(2000) Woman is a Devil
0%
No matching quizzes found
Score Distribution
Percent of People with Each Score
Percentile by Number Answered
Your Score History
You have not taken this quiz